| 000 | 01100nam a2200265 i 4500 | ||
|---|---|---|---|
| 001 | 179989 | ||
| 003 | ES-MaACL | ||
| 005 | 20240513170009.0 | ||
| 008 | 120312s2004 sp acd |||| |bspa d | ||
| 020 | _a84-933344-4-8 | ||
| 080 | _a929Borja y Velasco, Gaspar de | ||
| 080 | _a75Velázquez, Diego. Retrato Cardenal Borja | ||
| 100 | 1 |
_aSerrano de Entrambasaguas, Guillermo, _d1940- _9105743 |
|
| 245 | 1 | 3 |
_aEl misterio del último retrato del Cardenal Borja / _cGuillermo Serrano de Entrambasaguas. |
| 250 | _a1ª ed. | ||
| 260 |
_aMadrid : _bSistemas de Creación y Conocimiento, _c2004. |
||
| 300 |
_a224 p. : _bil. col. y n., gráf. ; _c20 cm. |
||
| 504 | _aBibliografía: p. 213-223. | ||
| 600 | 1 | 4 |
_aBorja y Velasco, Gaspar de. _9149588 |
| 600 | 1 | 4 |
_aVelázquez, Diego, _d1599-1660 _9113793 |
| 852 |
_aES-MaACL _jA-12031 _9186896 _bR.146853 _cDEPO1 _dOlim: N-5036 _zDedicatoria autógrafa del autor _xDonación: Guillermo Serrano de Entrambasaguas |
||
| 903 |
_aSerrano de Entrambasaguas, Guillermo, _d1940- _ednr _9105743 |
||
| 942 |
_2udc _cMONOGRAFIA |
||
| 999 |
_c179989 _d179989 |
||